000 00521nam a2200241Ia 4500
003 IT-RoPAU
005 20220918175716.0
008 120407s9999 xx 000 0 und d
040 _aIT-RoPAU
040 _cIT-RoPAU
041 _aita
100 _aOlivier Rabut
_935439
245 _aIncontro con Teilhard de Chardin
250 _aTorino
260 _aBorla
260 _c1962
300 _a154 p.
300 _c21 cm
490 _aLe idee e la vita
490 _v1
942 _cBK
_2ddc
999 _c26183
_d26183